| 000 | 00891nam a2200277 a 4500 | ||
|---|---|---|---|
| 003 | BD-DhJNU | ||
| 005 | 20250518052645.0 | ||
| 008 | 831129s1984 ncu b 001 0 eng | ||
| 020 | _a0822304953 (alk. paper) | ||
| 020 | _a0822306026 (pbk.) | ||
| 040 |
_aBD-DhJNU _bENG _cBD-DhJNU _dBD-DhJNU |
||
| 082 | 0 | 0 |
_a306.20973 HOW _223 |
| 100 | 1 | _aHorowitz, Irving Louis. | |
| 245 | 1 | 0 |
_aWinners and losers : _bsocial and political polarities in America / _cIrving Louis Horowitz |
| 260 |
_aDurham, N.C. : _bDuke University Press, _c1984. |
||
| 300 |
_axv, 328 p. ; _c24 cm. |
||
| 440 | 0 | _aDuke Press policy studies | |
| 504 | _aBibliography: p. [303]-321. | ||
| 500 | _aIncludes index. | ||
| 650 | 0 | _aSociology. | |
| 650 | 0 | _aPolitical sociology. | |
| 651 | 0 |
_aUnited States _xPolitics and government _y1945-1989. |
|
| 650 | 0 | _aIdeology. | |
| 650 | 0 | _aPolarity (Philosophy) | |
| 942 | _cBK | ||
| 999 |
_c1711 _d1711 |
||